000 00178nam a2200085Ia 4500
008 250605s9999 xx 000 0 und d
041 _aeng
100 _aMukul Singh
245 _aSminq
999 _c44738
_d44738